000 00939nam a2200229 a 4500
999 _c10772
_d10772
001 10772
003 BD-JhCC
005 20180918134015.0
008 180908s20142017bg |||| |||| 000 0 ben d
020 _a9789843381262
035 _a(BD-JhCC)10772
040 _aBD-JhCC
_dBD-JhCC
041 _aben
082 _a336.2420954
_bALM 2017
100 _aআলম, মো: জাহাঙ্গীর
245 _aসরকারি ও বেসরকারি কর্মকর্তা কর্মচারীদের আয়কর রিটার্ন ফরম পূরণের নির্দেশিকা /
_cমো: জাহাঙ্গীর আলম,
260 _aঢাকা :
_bগোল্ডেন বাংলাদেশ,
_c২০১৭.
300 _a৯৩ পৃ. :
_bচিত্রাবলী,
_c২০ সেমি.
650 _aIncome Tax
_zBangladesh
650 _aTax returns
942 _2ddc
_cBK
_01